| 000 | 01225nam a2200325 i 4500 | ||
|---|---|---|---|
| 001 | 185181 | ||
| 003 | SpMaBN | ||
| 005 | 20260223111545.0 | ||
| 008 | 160404s2015 sp d |||| |deng d | ||
| 020 | _a978-84-92937-60-8 | ||
| 080 | _a336.71 | ||
| 080 | _a338.124"2008/" | ||
| 245 | 0 | 0 |
_aBanking integration and financial crisis _b: some recent developments / _cedited by Iván Arribas Fernández, Emili Tortosa Ausina ; Santiago Carbó Valverde, Matteo Chinazzi, Giorgio Fagiolo ... [et al.]. |
| 250 | _a1st ed. | ||
| 260 |
_aBilbao : _bFundación BBVA, _c2015. |
||
| 300 |
_a201, [5] p. : _bgráf. ; _c24 cm. |
||
| 500 | _aÍndice. | ||
| 504 | _aReferencias bibliográficas. | ||
| 530 | _aDisponible también en sitio web. | ||
| 650 | 0 | 7 |
_aBancos. _910484 |
| 650 | 0 |
_aCrisis económicas- 2008 _9236570 |
|
| 700 | 1 |
_aArribas, Iván. _9159274 |
|
| 700 | 1 |
_aTortosa-Ausina, Emili. _9159275 |
|
| 700 | 1 |
_aCarbó Valverde, Santiago. _9159276 |
|
| 710 | 2 |
_aFundación BBVA _94230 |
|
| 852 |
_aES-MaACL _jA-13680 _9192200 _bR.151054 _cDEPO1 _dOlim: N-6680 |
||
| 856 | 4 |
_uhttp://www.fbbva.es/TLFU/dat/DE_Ivie_2015_banking_integration.pdf _yVersión en línea |
|
| 942 | _2udc | ||
| 999 |
_c185181 _d185181 |
||